| 000 | 01220nac a22002891u 4500 | ||
|---|---|---|---|
| 010 | _a 00044439 | ||
| 020 | _a0521770483 (alk. paper) | ||
| 020 | _a0521779375 (pb. : alk. paper) | ||
| 082 | 0 | 0 |
_a323.11 _bPOL |
| 090 |
_c8838 _d8838 |
||
| 100 | _a20080729 | ||
| 245 | 0 | 0 |
_aPolitical theory and the rights of indigenous peoples / _cedited by Duncan Ivison, Paul Patton, Will Sanders. |
| 260 |
_aLondon _aNew York : _bCambridge University Press,2000 _c2000. |
||
| 300 |
_axi, 323 p. ; _c24 cm. |
||
| 500 | _adistributer: Baccah | ||
| 504 | _aIncludes bibliographical references (p. 282-304) and index. | ||
| 511 | _acatalouged by: wessam | ||
| 650 | 0 |
_aIndigenous peoples _xGovernment relations. |
|
| 650 | 0 |
_aIndigenous peoples _xPolitics and government. |
|
| 700 | 1 |
_aIvison, Duncan, _d1965- |
|
| 700 | 1 | _aPatton, Paul. | |
| 700 | 1 | _aSanders, Will. | |
| 856 | 4 | 2 |
_3Publisher description _uhttp://www.loc.gov/catdir/description/cam021/00044439.html |
| 856 | 4 | 2 |
_3Table of contents _uhttp://www.loc.gov/catdir/toc/cam027/00044439.html |
| 942 |
_cBB _k323.11POL |
||
| 999 |
_c8838 _d8838 |
||